ضغط الدم المرتفع / (Record no. 15136)

MARC details
000 -LEADER
fixed length control field 00706nam a22002057a 4500
005 - DATE AND TIME OF LATEST TRANSACTION
control field 20251108164823.0
008 - FIXED-LENGTH DATA ELEMENTS--GENERAL INFORMATION
fixed length control field 250721s1983 xx 000 0 ara d
082 14 - DEWEY DECIMAL CLASSIFICATION NUMBER
Classification number 616.15/ناب
100 1# - MAIN ENTRY--PERSONAL NAME
Personal name نابتون، جيمس
245 10 - TITLE STATEMENT
Title ضغط الدم المرتفع /
264 1# - PRODUCTION, PUBLICATION, DISTRIBUTION, MANUFACTURE, AND COPYRIGHT NOTICE
Place of production, publication, distribution, manufacture بيروت :
Name of producer, publisher, distributor, manufacturer دار الشروق،
Date of production, publication, distribution, manufacture, or copyright notice 1983.
300 ## - PHYSICAL DESCRIPTION
Extent 55ص
500 ## - GENERAL NOTE
General note كتاب أبو علندا الذي يحمل رقم باركود pld00071783 له رقم متسلسل هو 633 ولكنه مكرر.
650 17 - SUBJECT ADDED ENTRY--TOPICAL TERM
Topical term or geographic name as entry element الجهاز الدموي
650 17 - SUBJECT ADDED ENTRY--TOPICAL TERM
Topical term or geographic name as entry element أمراض الدم
650 17 - SUBJECT ADDED ENTRY--TOPICAL TERM
Topical term or geographic name as entry element ضغط الدم
700 1# - ADDED ENTRY--PERSONAL NAME
Personal name الزلباني، ليلى محمد
Relator term مترجم
942 ## - ADDED ENTRY ELEMENTS (KOHA)
Source of classification or shelving scheme Dewey Decimal Classification
Koha item type Books
Holdings
حالة السحب حالة الفقدان مصدر التصنيف حالة التلف غير قابل للإعارة المكتبة الرئيسية المكتبة الحالية موقع الرف تاريخ التزويد الرقم المتسلسل Total Checkouts رقم الإستدعاء تاريخ آخر ظهور تاريخ الفاتورة نوع المادة (كوها) الباركود
    Dewey Decimal Classification     مكتبة أبو علندا العامة مكتبة أبو علندا العامة الإعارة 05/02/2009     616.15/ناب 28/07/2025 05/02/2009 Books PLD00071783
    Dewey Decimal Classification Unchecked   مكتبة الحسن العامة مكتبة الحسن العامة الإعارة 06/07/2004 843   616.15/ناب 28/07/2025 06/07/2004 Books  
    Dewey Decimal Classification Unchecked   مكتبة صويلح العامة مكتبة صويلح العامة الإعارة 06/07/2004 5512   616.15/ناب 28/07/2025 06/07/2004 Books  
Implemented & Customized by: BBB with SCIT (Smart Chains for Information Technology)

Powered by Koha